Napoleón. De ciudadano a emperador.
Guardat en:
| Autor principal: | |
|---|---|
| Format: | Llibre |
| Publicat: |
Madrid, España:
Silex,
2005.
|
| Col·lecció: | Historia.
|
| Matèries: | |
| Etiquetes: |
Afegir etiqueta
Sense etiquetes, Sigues el primer a etiquetar aquest registre!
|
MARC
| LEADER | 00000nam a22000007a 4500 | ||
|---|---|---|---|
| 003 | CL-VaPUC | ||
| 005 | 20220822114531.0 | ||
| 008 | 220630t2005 ||||| |||| 00| 0 eng d | ||
| 999 | |c 436546 |d 436544 | ||
| 020 | |a 84-7737-150-4 | ||
| 040 | |c Pontificia Universidad Católica de Valparaíso | ||
| 082 | 7 | |a 944.05092 MOR 2005 |2 22 | |
| 100 | 1 | |a Moreno Alonso, Manuel |e autor |9 871871 | |
| 245 | |a Napoleón. De ciudadano a emperador. | ||
| 260 | |a Madrid, España: |b Silex, |c 2005. | ||
| 300 | |a 411 páginas. | ||
| 490 | |a Historia. | ||
| 500 | |a c.1 Donación Familia Prof. Alejandro Guzmán Brito. | ||
| 583 | |c 20220630 |k Catalogador Asistente | ||
| 600 | 0 | |a Bonaparte, Napoleón |9 317802 |x Emperador |z Francia | |
| 651 | |a Francia |x Historia |y 1799-1815. |9 872011 | ||
| 942 | |2 ddc |c BK |n 0 | ||
| 952 | |0 0 |1 0 |2 ddc |4 0 |6 944_050920000000000_MOR_2005 |7 1 |8 C_AGB |9 584223 |a BIBDER |b BIBDER |d 2022-06-30 |e Donación |i 5652378 |o 944.05092 MOR 2005 |p 5652378 |r 2023-01-25 |t 1 |w 2022-06-30 |y BK_US |k AGB | ||